| 000 | 00739nam a2200217 a 4500 | ||
|---|---|---|---|
| 005 | 20210223130848.0 | ||
| 008 | 081110s2007 mx r 000 0 spa d | ||
| 020 | _a9707840617 | ||
| 035 | _aUPN01000167545 | ||
| 049 | _aI | ||
| 050 | 4 |
_aDL65 _bM3.3 |
|
| 100 | 1 |
_aMacdonald, Fiona, _d1958- _933856 |
|
| 245 | 1 | 0 |
_a100 cosas que debes saber sobre vikingos / _cFiona Macdonald ; tr. Héctor Escalona. |
| 260 |
_aMéxico : _bSigno, _cc2007. |
||
| 300 |
_a48 p. : _bil. col. |
||
| 440 | 0 |
_a100 cosas que debes saber sobre... _pClub de lectores |
|
| 534 |
_pTítulo original: _t100 things you should know about vikings |
||
| 650 | 4 |
_aVIKINGOS - _vLITERATURA INFANTIL _911224 |
|
| 651 | 4 |
_aESCANDINAVIA - _xHISTORIA _911225 |
|
| 905 | _aInfantil | ||
| 999 |
_c139656 _d139656 |
||